| 000 | 00452nam a2200169Ia 4500 | ||
|---|---|---|---|
| 003 | GCL | ||
| 008 | 140319s9999 xx 000 0 eng d | ||
| 040 |
_aGCL / _cGCL |
||
| 082 | 0 | 4 |
_a843 _bM M |
| 100 | 1 | _aMONTHERLANT, HENRY DE | |
| 245 | 1 | 0 |
_aLA MAITRE DE SANTIAGO / _cMONTHERLANT, HENRY DE |
| 260 |
_a[S.N] : _bFOLIO ، _c1995 |
||
| 490 |
_aCOLLECTION FOLIO CLASSIQUE _v0 |
||
| 650 | 0 | 4 | _aLITERATURE |
| 650 | 0 | 4 | _aFRENCH LITERATURE |
| 942 |
_2ddc _cBK |
||
| 999 |
_c21516 _d21516 |
||